| 000 | 00713nam a22002537a 4500 | ||
|---|---|---|---|
| 003 | CHAP | ||
| 005 | 20220329135646.0 | ||
| 008 | 971013s1941 r 00010 d | ||
| 010 | _a40069 | ||
| 011 | _a41041 | ||
| 035 | _a45167 | ||
| 040 | _cCHAP | ||
| 082 |
_a634.9285 _bE83 |
||
| 110 |
_aE.U.A. Forest Service _934933 |
||
| 245 | _aNational forest scaling hadbook | ||
| 260 |
_aWashington : _bGovernment Printing Office, _c1941 |
||
| 300 | _a119 p. | ||
| 590 |
_aBATCH-UPD _b10 _c20130110 _lUCH01 _h1743 |
||
| 590 |
_aCONVERSION _b10 _c20130109 _lUCH01 _h1322 |
||
| 650 | 1 | 4 |
_aBosques _xInventarios. _914240 |
| 901 | _aBK | ||
| 942 | _cLIBRO | ||
| 949 |
_a634.9285 E83 _bBC _cBPA _d-103320 _eBPA _h23697 _i45167 _si |
||
| 999 |
_c40069 _d40069 |
||